00465cam a2200157ua 45000010005000000080039000050400009000440820008000531000033000612450068000942500009001622600050001713000017002216530014002386530055002522897110915n ii |||gr||||Z||||||asm cMAIN a920 aBarkataki, Upendra,eEditor.11aBibhannajanar dristit Munin Barkatakiced. by Upendra Barkataki a1st. aGuahati:bMunin barkataki memorial trust,994. a157p:c23cm. aBiography aBiography of Bibhannajanar dristit Munin Barkataki